Historia feminista de la literatura argentina : Escritoras en movimiento. Itinerarios y resistencias /

Durante la segunda mitad del siglo XX tiene lugar en nuestro país una gran proliferación de escrituras por parte de autoras mujeres; casi un estallido textual si tenemos en cuenta la cantidad de nombres que empiezan a producir y publicar sus obras, a luchar por la visibilidad y por la construcción y...

Descripción completa

Guardado en:
Autor Principal: Ostrov, Andrea; coord.
Otros Autores: Jurovietzky, Silvia; coord., Arnés, Laura A.; dir., Domínguez, Nora; dir., Punte, María José; dir., Avellaneda, Andrés., Vázquez, Karina Elizabeth., Barbero, Ludmila., Josiowicz, Alejandra., Perassi, Emilia., Bianchi, Paula Daniela., Bocchino, Adriana A., Lorenzano, Sandra., Barrancos, Dora., Jurovietzky, Silvia., Roffé, Reina., Pino, Miriam., Perilli, Carmen., Romano Sued, Susana., Gerbaudo, Analía., Maradei, Guadalupe., Néspolo, Jimena., Dussaut, Lucía., Grammático, Karin., Trebisacce, Catalina., Aldanurú, María Inés., Hercovich, Inés., Miguélez, Marta., Peralta, Jorge Luis., Muschietti, Delfina., Tarantuviez, Susana., Raznovich, Diana., Percia, Violeta., Mellado, Luciana A., Guzmán, Raquel., Massara, Liliana., Nallim, Alejandra., Abbate, Florencia., Mallol, Anahí., León, Denise., Pirsch, Miryam., Amícola, José., Link, Daniel., Bouzas, Pía., Muslip, Eduardo., Graña, María Cecilia., Low, Malena., Rotger, Patricia., Pampín, Ayelén., Scarabelli, Sonia., Genovese, Alicia., Masiello, Francine.
Formato: Libro
Idioma:Undetermined
Publicado: Villa María : Eduvim, 2023.
Edición:1a ed.
Materias:
Etiquetas: Agregar Etiqueta
Sin Etiquetas, Sea el primero en etiquetar este registro!
LEADER 08525nam a22008415a 4500
001 CEM.cems025162
008 260505s2023####xx############000#0#und#d
005 20260507181955.0
245 1 0 |a Historia feminista de la literatura argentina :  |b Escritoras en movimiento. Itinerarios y resistencias /  |c Coordinado por Andrea Ostrov y Silvia Jurovietzky. 
250 |a 1a ed. 
260 |a Villa María :  |b Eduvim,  |c 2023. 
300 |a 1015 p. 
505 0 |a 1. MITOS, INFANCIAS, MATERNIDADES: REESCRITURAS -- Un corpus que deviene músculo y nervio: Eva Perón en la voz de las escritoras entre 1960 y 1990 / Andrés Avellaneda y Karina Elizabeth Vázquez -- El despertar de las bellas: reescrituras de cuentos de hadas y figuras míticas femeninas / Ludmila Barbero -- La batalla por la infancia: género y política en escritoras de literatura infantil (1960-1979) / Alejandra Josiowicz -- Entre pliegues: las nenas narradas en la segunda mitad del siglo XX / María José Punte -- Nueve recorridos sobre literatura y maternidad / Nora Domínguez -- 2. PASAJES Y DESCENTRAMIENTOS -- Migraciones: memoria del origen / Emilia Perassi -- La salud de las enfermas / Andrea Ostrov -- Quedate en casa: monstruos caseros / Paula Daniela Bianchi -- Literatura argentina en exilio o cuando la matria dispersa escribe la intemperie / Adriana A. Bocchino -- Íntimo glosario del exilio/ Sandra Lorenzano -- 3. VIOLENCIA DE ESTADO Y MEMORIA -- Temeridad tozuda: las Madres y Abuelas de Plaza de Mayo / Dora Barrancos -- Días de sombra y poesía (Huellas del terrorismo de Estado) / Silvia Jurovietzky -- Sobre la censura. En primera persona / Reina Roffé -- Memoria, literatura y Derechos Humanos: una relectura de autoras argentinas entre las décadas del ochenta y noventa del siglo XX / Miriam Pino -- Los cuentos de las otras y las mismas. La narrativa histórica / Carmen Perilli -- Procedimientos enunciativos de mujer: experimentos de escritura / Susana Romano Sued -- 4. MIRADAS ESTRÁBICAS SOBRE LITERATURA ARGENTINA -- Las mujeres y la institucionalización de los estudios literarios en Argentina (1958-2015) / Analía Gerbaudo -- Capítulo: críticas, escritoras y protagonistas en la historia de la literatura argentina / Marcela Croce -- Miembro fantasma: género y escritura crítica en Josefina Ludmer, Sylvia Molloy y Francine Masiello / Guadalupe Maradei -- Lecturas del archivo: la inflexión crítica (no) feminista en la constelación Sur / Jimena Néspolo -- El hilo del discurso. Tejes y destejes de la crítica feminista en la década del ochenta / Lucía Dussaut -- 5. LETRAS DEL GÉNERO: ESPACIOS DE INTERVENCIÓN -- El feminismo tiene quien le escriba. Suplementos, boletines y revistas de los setenta y ochenta / Karin Grammático y Catalina Trebisacce -- De un Diario Colectivo a un "Lugar de Mujer" / María Inés Aldanurú, Inés Hercovich y Marta Miguélez -- Letras armadas: literatura y "activismo" pre-gais en Buenos Aires / Jorge Luis Peralta -- La poesía, el género y La Voz del Erizo / Delfina Muschietti -- Poética feminista en la dramaturgia argentina de la segunda mitad del siglo XX / Susana Tarantuviez -- Humor y feminismo en mis obras de teatro "Efectos personales" y "Desconcierto" / Diana Raznovich -- 6. ESCRITURAS DEL TERRITORIO Y LA COMUNIDAD -- Palabras que tejen en el viento. La voz de las mujeres y la trama de una poesía de matriz indígena en Argentina / Violeta Percia -- Decir el sur. Decir nosotras / Luciana A. Mellado -- Lso cuerpos del territorio, el lenguaje y las memorias / Raquel Guzmán, Liliana Massara y Alejandra Nallim -- Refiguraciones del destino subalterno en el Noroeste argentino / Florencia Abbate -- 7. CONSTELACIONES, HERENCIAS, LEGADOS -- Un habla entre mujeres / Anahí Mallol -- De qué están hechas las casas / Denise León -- Implosión: la familia burguesa amenazada / Miryam Pirsch -- Manuel Puig entre joyas indiscretas y pubis angelicales / José Amícola -- De Copia / Daniel Link -- El archivo de Hebe Uhart: continuidad de las voces / Pía Bouzas y Eduardo Muslip -- 8. VOCES Y CUERPOS DESEANTES -- La novela erótica argentina / María Cecilia Graña -- El precioso desencanto de lo humano. Ficciones intersexuales a partir de "Cama de ángeles" / Laura A. Arnés y Malena Low -- Cartografías lesbianas / Patricia Rotger -- Para pulverizarse los ojos. Destellos del cuerpo en seis poetas argentinas / Ayelén Pampín -- Amelia Biangioni y Susana Thénon, las máscaras cantoras y el viaje caótico. Notas sobre las dislocaciones del yo lírico / Sonia Scarabelli -- Una mujer en el poema. El yo poético como un ideograma chino / Alicia Genovese -- Epílogo: Repensar los años ochenta: las aventuras de la célula madre / Francine Masiello 
520 |a Durante la segunda mitad del siglo XX tiene lugar en nuestro país una gran proliferación de escrituras por parte de autoras mujeres; casi un estallido textual si tenemos en cuenta la cantidad de nombres que empiezan a producir y publicar sus obras, a luchar por la visibilidad y por la construcción y legitimación de una voz propia. La ocupación del espacio dentro del campo literario por parte de las escritoras conlleva, necesariamente, un reacomodamiento del "canon", de las convenciones genéricas y de las tradiciones literarias, una revisitación de las políticas sexuales y textuales que habilita y propicia revisiones, relecturas y reconsideraciones de la literatura argentina. La toma de la palabra supone no solo la irrupción de temas, experiencias, miradas y puntos de vista que con anterioridad no habían tenido carta de ciudadanía en la escena literaria, sino también la problematización de las identidades de género, la deconstrucción de las subjetividades generizadas, la puesta en cuestión de la heterosexualidad obligatoria y de las coerciones socioculturales sobre las mujeres y otros grupos minoritarios. Supone, además, la introducción de una perspectiva inédita sobre los cuerpos que los desvinculará definitivamente del dominio "natural" para subrayar las determinaciones culturales en los procesos de construcción de la corporalidad. Supone, en definitiva, un corrimiento de los límites de la representación a partir de la incorporación de una mirada crítica, complejizadora y deconstructiva sobre premisas fundacionales de nuestra cultura desde una óptica situada, opuesta a esencialismos, univocidades y naturalizaciones. 
020 |a 9789876998086 
100 1 |a Ostrov, Andrea; coord. 
700 1 |a Jurovietzky, Silvia; coord. 
700 1 |a Arnés, Laura A.; dir. 
700 1 |a Domínguez, Nora; dir. 
700 1 |a Punte, María José; dir. 
700 1 |a Avellaneda, Andrés. 
700 1 |a Vázquez, Karina Elizabeth. 
700 1 |a Barbero, Ludmila. 
700 1 |a Josiowicz, Alejandra. 
700 1 |a Perassi, Emilia. 
700 1 |a Bianchi, Paula Daniela. 
700 1 |a Bocchino, Adriana A. 
700 1 |a Lorenzano, Sandra. 
700 1 |a Barrancos, Dora. 
700 1 |a Jurovietzky, Silvia. 
700 1 |a Roffé, Reina. 
700 1 |a Pino, Miriam. 
700 1 |a Perilli, Carmen. 
700 1 |a Romano Sued, Susana. 
700 1 |a Gerbaudo, Analía. 
700 1 |a Maradei, Guadalupe. 
700 1 |a Néspolo, Jimena. 
700 1 |a Dussaut, Lucía. 
700 1 |a Grammático, Karin. 
700 1 |a Trebisacce, Catalina. 
700 1 |a Aldanurú, María Inés. 
700 1 |a Hercovich, Inés. 
700 1 |a Miguélez, Marta. 
700 1 |a Peralta, Jorge Luis. 
700 1 |a Muschietti, Delfina. 
700 1 |a Tarantuviez, Susana. 
700 1 |a Raznovich, Diana. 
700 1 |a Percia, Violeta. 
700 1 |a Mellado, Luciana A. 
700 1 |a Guzmán, Raquel. 
700 1 |a Massara, Liliana. 
700 1 |a Nallim, Alejandra. 
700 1 |a Abbate, Florencia. 
700 1 |a Mallol, Anahí. 
700 1 |a León, Denise. 
700 1 |a Pirsch, Miryam. 
700 1 |a Amícola, José. 
700 1 |a Link, Daniel. 
700 1 |a Bouzas, Pía. 
700 1 |a Muslip, Eduardo. 
700 1 |a Graña, María Cecilia. 
700 1 |a Low, Malena. 
700 1 |a Rotger, Patricia. 
700 1 |a Pampín, Ayelén. 
700 1 |a Scarabelli, Sonia. 
700 1 |a Genovese, Alicia. 
700 1 |a Masiello, Francine. 
653 |a Historia de la literatura argentina 
653 |a Estudios de género 
653 |a Feminismo 
653 |a Revisionismo histórico feminista 
653 |a Crítica literaria 
859 |a CEMS  |b BIB. CEMS - 11 de abril  |h A860.9  |i Ar622  |p 30771.26  |t Ej.1  |v III